Cities to country extreme edition - Statistics

General Stats
  • This quiz has been taken 483 times
  • The average score is 45 of 65
Answer Stats
City Country % Correct
Budapest Hungary
99%
Djibouti Djibouti
95%
Monaco Monaco
95%
Melbourne Australia
93%
Philledelphia USA
93%
Salzburg Austria
92%
Cardiff UK
92%
Minsk Belarus
91%
Riga Latvia
91%
Auckland New Zealand
91%
Leipzig Germany
88%
Ulaanbaatar Mongolia
87%
Calgary Canada
86%
Tbilisi Georgia
86%
Asuncion Paraguay
86%
Wuhan China
85%
Valetta Malta
85%
Khartoum Sudan
84%
Nazareth Israel
83%
Guadalajara Mexico
83%
Limerick Ireland
82%
Bloemfontein South Africa
82%
Muscat Oman
80%
Vientiane Laos
78%
Chelyabinsk Russia
78%
Yerevan Armenia
77%
Malé Maldives
77%
Tromsø Norway
77%
Ghent Belgium
75%
Managua Nicaragua
75%
Port Moresby Papua New Guinea
75%
Luanda Angola
74%
Dili East Timor
73%
Ouagadougou Burkina Faso
71%
Busan South Korea
71%
Ahmedabad India
69%
Kigali Rwanda
69%
Suva Fiji
68%
Mombasa Kenya
67%
Niamey Niger
67%
Conakry Guinea
65%
Bridgetown Barbados
64%
Aarhus Denmark
64%
Libreville Gabon
64%
Chittagong Bangladesh
62%
Almaty Kazakhstan
62%
Praia Cape Verde
60%
Brno Czech Republic
60%
Nukuʻalofa Tonga
60%
Cebu city Philippines
59%
Cluj-Napoca Romania
59%
Roseau Dominica
56%
Funchal Portugal
54%
Moroni Comoros
52%
Tampere Finland
52%
Bursa Turkey
51%
Douala Cameroon
49%
Concepción Chile
47%
Palembang Indonesia
47%
Goiânia Brazil
42%
Ancona Italy
38%
Herat Afghanistan
33%
Burgos Spain
32%
Jaffna Sri Lanka
20%
Neuquen Argentina
16%
No matching quizzes found
Score Distribution
Percent of People with Each Score
Percentile by Number Answered
Your Score History
You have not taken this quiz